01182 2200193 4500245005400000020002200054250001100076100001500087700001700102700001900119650004300138005001900181260004800200041001400248084000800262300002700270500068200297336000900979 aBelantara b : The Dark ForestcCixin, LiuhText a978-602-481-550-9 aCet. 3 aCixin, Liu aOni Suryaman aAndya Primanda aNovel Inggris (dalam Bahasa Indonesia) a20250305083057 aJakartabKepustakaan Populer Gramediac2021 aIndonesia a823 axx, 627 hlm. :c21 cm. aApa yang bakal terjadi bila manusia tahu Bumi akan diinvasi alien empat abad lagi? Sesudah mengetahui keberadaan Bumi, peradaban Trisurya mengirimkan armad penyerbu, dan pengintai berupa proton cerdas-sofon-yang bisa mengetahui semua informasi di Bumi kecuali apa yang ada di dalam pikiran manusia. Itulah dasar Proyek Penghadap Tembok, di mana sejumlah ahli siasat ditugasi untuk membuat strategi dalam kepala mereka sendiri tanpa bisa diketahui Trisurya. Sementara itu, Bumi harus membangun armada antariksa, tapi apakah manusia bisa mengetasi perpecahan antarnegara dan antarideologi untuk melakukannya? Inilah langkah perdaban manusia dalam persiapan untuk Perang Terakhir. atext